इक्कीसवी सदी का दूसरा दशक और हिंदी उपन्यास / (Record no. 207225)

MARC details
000 -LEADER
fixed length control field 00718nam a22001697a 4500
010 ## - LCCN (DPL NO)
LC control number HIN-128782
020 ## - INTERNATIONAL STANDARD BOOK NUMBER
Terms of availability 495.00
International Standard Book Number 9789355181688
035 ## - SYSTEM CONTROL NUMBER
System control number HN-101128
037 ## - SOURCE OF ACQUISITION
Source of stock number/acquisition DBAD/PUB
082 ## - DEWEY DECIMAL CLASSIFICATION NUMBER
Classification number 823.08
100 ## - MAIN ENTRY--PERSONAL NAME
Personal name पालीवाल,सूरज
245 ## - TITLE STATEMENT
Title इक्कीसवी सदी का दूसरा दशक और हिंदी उपन्यास /
Statement of responsibility, etc सूरज पालीवाल
260 ## - PUBLICATION, DISTRIBUTION, ETC. (IMPRINT)
Place of publication, distribution, etc दिल्ली
Name of publisher, distributor, etc वाणी प्रकाशन
Date of publication, distribution, etc 202
270 ## - ADDRESS
Address 4695 21-A दरिया गंज
City दिल्ली
Postal code 110002
300 ## - PHYSICAL DESCRIPTION
Extent 283पृ.
Dimensions 22सेमी (अजिल्द)
942 ## - ADDED ENTRY ELEMENTS (KOHA)
Source of classification or shelving scheme Dewey Decimal Classification
Item type Hindi Books
Classification part 823.08
Call number suffix पालीवा
Holdings
Withdrawn status Lost status Not for loan Collection code Home library Current library Date acquired Source of acquisition Cost, normal purchase price Full call number Barcode Copy number Cost, replacement price Koha item type
      Non-fiction Bawana Bawana 29/11/2024 DBAD 495.00 823.08 पालीवा HN-101128 1 495.00 Hindi Books

© Delhi Public Library
Hit Counter
free hit counter